000 01269nam a2200349 a 4500
001 58493
003 CO-BoRNBP
005 20250825145431.0
007 ta
008 880623s1983 sp acf jr 00111dspa d
020 _a8439280076
040 _ala
_cla
041 1 _aspa
_hfre
043 _ae-fr---
082 0 4 _aI843.47
_bC83a5
_215 ed.
100 1 _aPerrault, Charles,
_d1628-1703.
_92411
245 1 0 _aCuentos de antaño /
_cCharles Perrault ; ilustraciones de Gustave Doré ; traducción, introducción y notas de Joëlle Eyheramonno y Emilio Pascual.
250 _a2a. ed.
300 _axxiii, 292 p. :
_bil. láms., retr. ;
_c19 cm.
336 _2rdacontent
_atexto
_btxt
337 _2rdamedia
_asin mediación
_bn
338 _2rdacarrier
_avolumen
_bnc
500 _aIncluye índice.
534 _tHistoires ou contes du temps passé, avec des moralités - Griselidis nouvelle avec le conte de Peau d Asne, et celuy des Souhaits ridicules.
650 7 _aCuentos infantiles franceses.
_2BLAAUTO
_97840
650 7 _aLiteratura infantil francesa.
_2BLAAUTO
700 1 _aDoré, Gustave,
_d1832-1883,
_eil.
_963256
700 1 _aEyhéramonno, Joëlle.
_963251
700 1 _aPascual, Emiliano,
_etr.
_963344
942 _2ddc
_cBK
949 _an
_bn
999 _c58493
_d58493